LEADER 03123nam 2200733 a 450 001 9910453160403321 005 20200520144314.0 010 $a1-282-13417-5 010 $a9786613806758 010 $a0-520-95381-9 024 7 $a10.1525/9780520953819 035 $a(CKB)2550000000105909 035 $a(EBL)977264 035 $a(OCoLC)801363597 035 $a(SSID)ssj0000775011 035 $a(PQKBManifestationID)11462216 035 $a(PQKBTitleCode)TC0000775011 035 $a(PQKBWorkID)10727833 035 $a(PQKB)11667533 035 $a(MiAaPQ)EBC977264 035 $a(DE-B1597)520392 035 $a(OCoLC)871897858 035 $a(DE-B1597)9780520953819 035 $a(Au-PeEL)EBL977264 035 $a(CaPaEBR)ebr10582903 035 $a(CaONFJC)MIL380675 035 $a(OCoLC)808341831 035 $a(EXLCZ)992550000000105909 100 $a20120807d2012 uy 0 101 0 $aeng 135 $aur|n|---||||| 181 $ctxt 182 $cc 183 $acr 200 10$aYakuza$b[electronic resource] $eJapan's criminal underworld /$fDavid E. Kaplan and Alec Dubro 205 $a25th anniversary ed. 210 $aBerkeley $cUniversity of California Press$dc2012 215 $a1 online resource (440 p.) 300 $aDescription based upon print version of record. 311 $a0-520-27490-3 320 $aIncludes bibliographical references and index. 327 $apt. 1. Early history -- pt. 2. The Kodama years -- pt. 3. The modern Yakuza -- pt. 4. The move abroad. 330 $aKnown for their striking full-body tattoos and severed fingertips, Japan's gangsters comprise a criminal class eighty thousand strong--more than four times the size of the American mafia. Despite their criminal nature, the yakuza are accepted by fellow Japanese to a degree guaranteed to shock most Westerners. Yakuza is the first book to reveal the extraordinary reach of Japan's Mafia. Originally published in 1986, it was so controversial in Japan that it could not be published there for five years. But in the west it has long served as the standard reference on Japanese organized crime and has inspired novels, screenplays, and criminal investigations. This twenty-fifth anniversary edition tells the full story or Japan's remarkable crime syndicates, from their feudal start as bands of medieval outlaws to their emergence as billion-dollar investors in real estate, big business, art, and more. 606 $aYakuza$zJapan$xHistory 606 $aYakuza$xHistory 606 $aOrganized crime$zJapan$xHistory 606 $aCrime$zJapan$xHistory 606 $aGangs$zJapan$xHistory 608 $aElectronic books. 615 0$aYakuza$xHistory. 615 0$aYakuza$xHistory. 615 0$aOrganized crime$xHistory. 615 0$aCrime$xHistory. 615 0$aGangs$xHistory. 676 $a364.1060952 700 $aKaplan$b David E$0282937 701 $aDubro$b Alec$01035066 801 0$bMiAaPQ 801 1$bMiAaPQ 801 2$bMiAaPQ 906 $aBOOK 912 $a9910453160403321 996 $aYakuza$92454570 997 $aUNINA LEADER 02858nam 2200697 a 450 001 9910456316503321 005 20200520144314.0 010 $a1-283-09275-1 010 $a9786613092755 010 $a90-272-8592-6 035 $a(CKB)2550000000032498 035 $a(EBL)680384 035 $a(OCoLC)713010225 035 $a(SSID)ssj0000535406 035 $a(PQKBManifestationID)11356845 035 $a(PQKBTitleCode)TC0000535406 035 $a(PQKBWorkID)10521991 035 $a(PQKB)10077629 035 $a(SSID)ssj0001293209 035 $a(PQKBManifestationID)12583364 035 $a(PQKBTitleCode)TC0001293209 035 $a(PQKBWorkID)11304986 035 $a(PQKB)21888779 035 $a(MiAaPQ)EBC680384 035 $a(Au-PeEL)EBL680384 035 $a(CaPaEBR)ebr10463020 035 $a(EXLCZ)992550000000032498 100 $a19911112d1992 uy 0 101 0 $aeng 135 $aurcn||||||||| 181 $ctxt$2rdacontent 182 $cc$2rdamedia 183 $acr$2rdacarrier 200 04$aThe contextualization of language$b[electronic resource] /$fedited by Peter Auer and Aldo Di Luzio 210 $aAmsterdam ;$aPhiladelphia [Pa.] $cJ. Benjamins$d1992 215 $a1 online resource (420 pages) 225 1 $aPragmatics & beyond ;$vnew ser., 22 300 $aDescription based upon print version of record. 311 $a90-272-5034-0 311 $a1-55619-290-8 320 $aIncludes bibliographical references and index. 327 $apt. 1. Theory of contextualization -- pt. 2. Gesture and other visible behaviour -- pt. 3. Prosody. 330 $aThis volume suggests a novel treatment of context in the analysis of everyday interaction. On a theoretical level, it advocates a switch of focus from 'context' as a preestablished, monolithic category which constringes co-participants' verbal and nonverbal behaviour, to an active notion of 'contextualization': in order to make oneself understood, participants have to establish and maintain those shared contextual frames which in turn are relevant to the local interpretation of their verbal and nonverbal activities. On an empirical level, the volume contains exemplary analyses that show how pa 410 0$aPragmatics & beyond ;$vnew ser., 22. 606 $aContext (Linguistics) 606 $aNonverbal communication 606 $aProsodic analysis (Linguistics) 608 $aElectronic books. 615 0$aContext (Linguistics) 615 0$aNonverbal communication. 615 0$aProsodic analysis (Linguistics) 676 $a306.4/4 701 $aAuer$b Peter$f1954-$0151882 701 $aDi Luzio$b Aldo$0151883 801 0$bMiAaPQ 801 1$bMiAaPQ 801 2$bMiAaPQ 906 $aBOOK 912 $a9910456316503321 996 $aThe contextualization of language$92260276 997 $aUNINA LEADER 02177nas 2200589-a 450 001 996211393203316 005 20231214213021.0 011 $a1497-9381 035 $a(DE-599)ZDB2187990-4 035 $a(OCoLC)1082715614 035 $a(CKB)991042733902288 035 $a(CONSER)cn2001701819 035 $a(EXLCZ)99991042733902288 100 $a20010417b20002004 -a- a 101 0 $aeng 135 $aurcn||||||||| 181 $ctxt$2rdacontent 182 $cc$2rdamedia 183 $acr$2rdacarrier 200 10$aRegional economic observer 210 $a[Ottawa] $cIndustry Canada$d[2000-2004] 300 $aArchived by the National Library of Canada. 311 $a1497-1178 531 0 $aReg. econ. obs. 606 $aEconomic indicators$zCanada$xProvinces$vPeriodicals 606 $aLabor market$zCanada$xProvinces$vStatistics$vPeriodicals 606 $aIndicateurs économiques$zCanada$xProvinces$vPériodiques 606 $aTravail$zCanada$xProvinces$vStatistiques$vPériodiques 606 $aEconomic history$2fast$3(OCoLC)fst00901974 606 $aEconomic indicators$xCanadian provinces$2fast$3(OCoLC)fst00901998 606 $aLabor market$xCanadian provinces$2fast$3(OCoLC)fst00990037 607 $aCanada$xEconomic conditions$y1991-$vStatistics$vPeriodicals 607 $aCanada$xConditions économiques$y1991-$vStatistiques$vPériodiques 607 $aCanada$2fast$1https://id.oclc.org/worldcat/entity/E39PBJkMHVW4rfVXPrhVP4VwG3 608 $aPeriodicals.$2fast 608 $aStatistics.$2fast 615 0$aEconomic indicators$xProvinces 615 0$aLabor market$xProvinces 615 6$aIndicateurs économiques$xProvinces 615 6$aTravail$xProvinces 615 7$aEconomic history. 615 7$aEconomic indicators$xCanadian provinces. 615 7$aLabor market$xCanadian provinces. 676 $a330.971/0648/021 686 $acci1icc$2lacc 686 $acoll11$2lacc 686 $acoll14$2lacc 712 02$aCanada.$bIndustry Canada.$bMicro-Economic Policy Analysis Branch. 906 $aJOURNAL 912 $a996211393203316 996 $aRegional economic observer$92160956 997 $aUNISA